| 000 | 00430nam a22001817a 4500 | ||
|---|---|---|---|
| 005 | 20200520132219.0 | ||
| 008 | 200520b xxu||||| |||| 00| 0 eng d | ||
| 020 | _a9788174732347 | ||
| 041 | _aeng | ||
| 082 | _a574.03 ARO | ||
| 100 |
_aArora, Dr. Deepak _95609 |
||
| 245 | _aDictonary of Chemistry | ||
| 250 | _a1'st | ||
| 260 |
_aDelhi _bAITBS PUBLISHERS _c2017 |
||
| 300 | _a380 X | ||
| 650 |
_aPharmacy _95610 |
||
| 942 | _cBK | ||
| 999 |
_c6328 _d6326 |
||